| 000 | 00543nam a22001697a 4500 | ||
|---|---|---|---|
| 003 | OSt | ||
| 008 | 250902b |||||||| |||| 00| 0 eng d | ||
| 041 | _aeng | ||
| 082 |
_a600 _bRAN/CH |
||
| 100 |
_aRanjith, K. S _97800 |
||
| 245 |
_aChinthikkunna yanthram: nirmmithabudhiyekurichulla alochanakal / _bചിന്തിക്കുന്ന യന്ത്രം |
||
| 260 |
_aThiruvananthapuram : _bChintha Publishers, _c2024. |
||
| 300 | _a156 p. | ||
| 650 |
_aTechnology _97801 |
||
| 650 |
_aArtificial intelligence - AI _97802 |
||
| 942 | _cBK | ||
| 999 |
_c19491 _d19491 |
||